| 000 | 00612nam a2200229Ia 4500 | ||
|---|---|---|---|
| 003 | OSt | ||
| 005 | 20230331124938.0 | ||
| 008 | 210329s9999||||xx |||||||||||||| ||und|| | ||
| 020 | _a9788120339835 | ||
| 040 | _cSTCPL | ||
| 041 | _aENG | ||
| 082 |
_a658.812 _bSUP-R |
||
| 100 | _aBiswas, Supriya | ||
| 245 | 0 |
_aRelationship marketing : _bConcepts, Theories and cases / _cby Supriya Biswas |
|
| 260 |
_aNew Delhi : _bPhi Learning Private Limited , _c2011 . |
||
| 300 |
_a406 p. _bPB |
||
| 650 | _aMarketing | ||
| 650 | _aCustomer experience | ||
| 650 | _aRelationship brands | ||
| 942 | _cBK | ||
| 942 | _2ddc | ||
| 999 |
_c63415 _d63415 |
||